| 000 | 00948cam a22002651 4500 | ||
|---|---|---|---|
| 001 | gs 15000427 | ||
| 003 | DLC | ||
| 005 | 20260227111317.0 | ||
| 008 | 790410s1914 paubf s000 0 eng c | ||
| 010 | _ags 15000427 | ||
| 035 | _a(OCoLC)4841524 | ||
| 040 |
_aU.S. Geological Survey. Library _cNcRS _dNcRS _dDLC |
||
| 042 | _apremarc | ||
| 043 | _an-us-pa | ||
| 050 | 0 | 0 |
_aGA61.P4 _bA5 no. 2 |
| 110 | 1 |
_aPennsylvania. _bTopographic and Geologic Survey Commission. |
|
| 245 | 1 | 0 | _aGeologic map of southwestern Pennsylvania. |
| 260 |
_aHarrisburg, Pa., _bW. S. Ray, State Printer, _c1914. |
||
| 300 |
_a30 p. _b10 plates (part col., incl. maps) _c24 cm. |
||
| 490 | 1 |
_aIts Report _vno. 2 |
|
| 500 | _aAt head of title: Topographic and Geologic Survey of Pennsylvania. | ||
| 500 | _aText and plates are in portfolio. | ||
| 650 | 0 |
_aGeology _zPennsylvania. |
|
| 810 | 1 |
_aPennsylvania. _bTopographic and Geologic Survey Commission. _tReport _vno. 2. |
|
| 999 |
_c25525 _d25525 |
||